Cities Served by Lufthansa - Statistics

General Stats
  • This quiz has been taken 76 times
  • The average score is 133 of 229
Answer Stats
City % Correct
Tokyo
96%
Münich
94%
Beijing
90%
Delhi
90%
Frankfurt
90%
Los Angeles
90%
New York City
90%
Shanghai
90%
Singapore
90%
Berlin
88%
Johannesburg
88%
Mumbai
88%
Amsterdam
87%
Cairo
87%
Copenhagen
87%
Hamburg
87%
Madrid
87%
Milan
87%
Nice
87%
Paris
87%
Rio de Janeiro
87%
San Francisco
87%
Zürich
87%
Athens
85%
Cape Town
85%
Dubai
85%
Helsinki
85%
Moscow
85%
São Paulo
85%
Seattle
85%
Stockholm
85%
Warsaw
85%
Washington D.C.
85%
Chicago
83%
Dallas
83%
Houston
83%
London
83%
Montréal
83%
Porto
83%
Rome
83%
Saint Petersburg
83%
Seoul
83%
Toronto
83%
Bangkok
81%
Boston
81%
Budapest
81%
Denver
81%
Dublin
81%
Düsseldorf
81%
Mexico City
81%
Osaka
81%
Riga
81%
Stuttgart
81%
Tallinn
81%
Barcelona
79%
Bucharest
79%
Geneva
79%
Hong Kong
79%
Istanbul
79%
Lisbon
79%
Oslo
79%
Toulouse
79%
Vancouver
79%
Vienna
79%
Brussels
77%
Manchester
77%
Marseille
77%
Miami
77%
Vilnius
77%
Zagreb
77%
Cologne/Bonn
75%
Glasgow
75%
Leipzig/Halle
75%
Orlando
75%
Tunis
75%
Atlanta
73%
Buenos Aires
73%
Edinburgh
73%
Gdánsk
73%
Kraków
73%
Philadelphia
73%
Tel Aviv
73%
Venice
73%
Belgrade
71%
Birmingham
71%
Casablanca
71%
Guangzhou
71%
Lyon
71%
Málaga
71%
Naples
71%
Thessaloniki
71%
Algiers
69%
Bogotá
69%
Kiev
69%
Nairobi
69%
Palma de Mallorca
69%
Valencia
69%
Basel/Mulhouse/Freibourg
67%
Bilbao
67%
Prague
67%
Graz
65%
Hanover
65%
Luxembourg
65%
Minsk
65%
Reykjavík
65%
Riyadh
65%
Santiago de Compostela
65%
Charlotte
63%
Detroit
63%
Dresden
63%
Ljubljana
63%
Newark
63%
Cancún
62%
Faro
62%
Florence
62%
Innsbruck
62%
Lagos
62%
Nuremberg
62%
Salzburg
62%
Sofia
62%
Split
62%
Antalya
60%
Austin
60%
Bologna
60%
Gothenburg
60%
Sarajevo
60%
Addis Ababa
58%
Bordeaux
58%
Bremen
58%
Ibiza
58%
San Diego
58%
Tehran
58%
Tirana
58%
Wrocław
58%
Beirut
56%
Kuwait City
56%
Palermo
56%
Panama City
56%
Seville
56%
Turin
56%
Bari
54%
Dubrovnik
54%
Genoa
54%
Tenerife
54%
Catania
52%
Marrakesh
52%
Nantes
52%
Amman
50%
Bangalore
50%
Chennai
50%
Funchal
50%
İzmir
50%
Jeddah
50%
Linz
50%
San José
50%
Odessa
48%
Abuja
46%
Chişinău
46%
Las Palmas
46%
Nur-Sultan
46%
Baku
44%
Billund
44%
Katowice
44%
Nagoya
44%
Tbilisi
44%
Cagliari
42%
Newcastle upon Tyne
42%
Rhodes
42%
Tampa
42%
Aalborg
40%
Alicante
40%
Cluj-Napoca
40%
Heraklion
40%
Luanda
40%
Pisa
40%
Strasbourg
40%
Almaty
38%
Bristol
38%
Ottawa
38%
Larnaca
37%
Lviv
37%
Poznań
37%
Rostock
37%
Bodrum
35%
Montpellier
35%
Verona
35%
Cardiff
33%
Malé
33%
Friedrichshafen
31%
Dammam
29%
Lublin
29%
Manama
29%
Olbia
29%
Trieste
29%
Tromsø
29%
Zadar
29%
Nanjing
27%
Paderborn
27%
Rennes
27%
Shannon
27%
Timișoara
27%
Trondheim
27%
Fuerteventura
25%
Münster
25%
Westerland
25%
Luqa
21%
Qingdao
21%
Rijeka
21%
Bastia
19%
Erbil
19%
Shenyang
19%
Lamezia Terme
17%
Port Louis
17%
Zakynthos
17%
Bergamo
15%
Debrecen
15%
Jerez de la Frontera
15%
Ancona
13%
Inverness
13%
Malabo
13%
Port Harcourt
13%
Rzeszów
13%
Sibiu
12%
Pamplona
10%
Eilat
8%
Kittilä
8%
Jersey
4%
Newquay
4%
Knock
2%
No matching quizzes found
Score Distribution
Percent of People with Each Score
Percentile by Number Answered
Your Score History
You have not taken this quiz